MDQL
is popping MORE tags! Check the
thread
!
Quizzes
Events
Quiz Creation
Community
Videos
Private Events
Remove Ads
Sign In
Join for FREE
Feedback
Dark Mode
Quiz Categories
Sports
Geography
Music
Movies
Television
Just For Fun
Miscellaneous
History
Literature
Language
Science
Gaming
Entertainment
Religion
Holiday
For Kids
Quiz Lab
Recent
Popular Today
Quiz Kudos Today
Editor Picks
Curator Picks
Quizzes by...
Day
Popularity
Type
Ratings
Length
Year
Community
Subscriptions
Recent Discussions
Orange Saloon
Badges
Playlists
Quests
Create
Leaderboards
Showdown
Live 5
Trivia Bingo
Activity
Puzzle Library
Sporcle Events
Private Events
Virtual Trivia
Globe League
Become a Host
Pub Owners
SporcleCon
Opinionation
Our Games
Videos
Blog
Mobile Apps
Partnerships
Remove Ads and Go Orange
Feedback
Sports
Athletes
MLB
NBA
NHL
NFL
Soccer
Sports Teams
WWE
NCAA
Football
Premier League
Basketball
Baseball
Hockey
Golf
Tennis
Cricket
Rugby
Auto Racing
Olympics
World Cup
Sports
Athletes
MLB
NBA
NHL
NFL
Soccer
Sports Teams
WWE
NCAA
Football
Premier League
Basketball
Baseball
Hockey
Golf
Tennis
Cricket
Rugby
Auto Racing
Olympics
World Cup
Random Quiz
Search Sporcle
×
Quiz Lab
Quiz Lab
Sports
Tennis
Type in answers that appear in a list
Type in answers that appear in a list
Classic
Best Score? Go Orange.
Tennis Blitz: Roger Federer Stats
Can you name the Tennis Blitz: Roger Federer?
By
Phillyfan362
2m
17 Questions
1,790 Plays
1,790 Plays
1,790 Plays
Comments
Comments
Give Quiz Kudos
Give Quiz Kudos
-
- Ratings
hide this ad
More Info
Replay
Link that replays current quiz
Next Quiz
Link to next quiz in quiz playlist
You Got
0%
They Got
Avg Score
73%
Avg Friend Score
Upgrade to see
Score Distribution
Jump to the score distribution portion of the page
Score
0/17
Timer
02:00
0
Plays Today
Question
Answer
% Correct
Place of Birth
Basel, Switzerland
97.8%
Country Represented
Switzerland
97.8%
# of Times He Won the French Open
1
97.7%
Highest ATP Ranking
#1
97.3%
Current ATP Ranking (June 28, 2010)
#2
94.9%
# of Times He Won Wimbledon
6
93.8%
Current Residence
Wollerau, Switzerland
93.6%
# of Times He Won the Australian Open
4
93.2%
# of Times He Won the US Open
5
93.1%
Question
Answer
% Correct
Grand Slams Won (#)
16
91.8%
Age
28
90.9%
Turned Pro
1998
78.5%
Career ATP Titles Won
62
35.2%
Consecutive Weeks at No. 1
237
30.7%
Wife
Mirka Vavrinec
21%
Record versus Andy Roddick (Federer-
Roddick)
19-2
18.9%
Record versus Rafael Nadal (Federer-
Nadal)
7-14
15%
Quiz Playlist
Details
Report
Send in Message
Add To Playlist
More Info:
The guy is nothing special, he's only won more grand slams than any other men's player of all time.
Classic:
Type in answers that appear in a list
Quiz Source
Last Updated: Feb 16, 2017
Quiz Scoreboard
CHALLENGE
Sign Up to Join the Scoreboard
Show All
Scores
Hide
Comments
May contain spoilers
Recently Published
Colored Red Africa Blitz
by spor1
Geography
30s
Find the 'City' Movie
by crazypaving
Movies
60s
5x2 Blitz: Bands
by SL_Kpop136
Music
30s
More to Explore
Quiz From the Vault
Featured Blog Post
14 Easter Pick-up Lines to Find Eggs With
hide this ad
You Might Also Like...
Tags
Blitz Quiz
Tennis Quiz
Federer
Roger
Roger Federer
Today's Top Quizzes in Sports
Browse Sports
hide this ad
Today's Top Quizzes in Tennis
Browse Tennis
Top Contributed Quizzes in Sports
1
Players with Multiple 50 Home Run Seasons
2
Who Needs Fielders?
3
Criteria MLB: Left Handed Sluggers
4
MLB Players with Two .350 Batting Average Seasons
5
Who Hit More Homers?
6
2020 F1 Drivers Logic Puzzle
7
NBA Teammate Connections
8
Premier League Clubs since 2000 (minefield)
9
MLB Teams by First Game
10
Top 10 NHL Goal Scorers of All Time
Explore More
Trending Topics
NBA
Marvel
Anime
Kpop
Harry Potter
Crossword
Disney
Song
WWE
Country
The Office
Puzzle
Soccer
NFL
Pokémon
hide this ad
More By:
Phillyfan362
Quiz
Plays
Rating
Category
Featured
Created
2015-2016 European Football XIs
14,939
4.62
Sports
Jan 12, 2016
Top 25 Wealthiest Economies
2,917
4.42
Geography
Jul 8, 2010
Top 25 Largest Economies
2,713
3.61
Geography
Jul 2, 2010
Tennis Blitz: Roger Federer
1,790
1.67
Sports
Jun 29, 2010
MLB RBI Leaders (2000-2009)
1,608
3.00
Sports
Aug 21, 2010
Go to Creator's Profile
Score Distribution
Quiz Creator Spotlight
Phillyfan362
Follow
Send a Message
Quizzes Created
-
Created Quiz Play Count
-
More By This Creator
Popular Quizzes Today
1
5x2 Blitz: Bands
2
Find the 'City' Movie
3
Colored Red Africa Blitz
4
Find the US States - No Outlines Minefield
5
The Countries of the World
6
Find the US States
7
9x9 Crossword: Cartoon Network
8
US States
More Sports Quizzes
NFL Top 100 Players (2014)
Published
Trending Quizzes
Colored Red Africa Blitz II
Colored Red Europe Blitz I
Christmas Pick: Judaism
Colored Red Africa Blitz III
Colored Red Europe Blitz II
Recently Updated
Champions League XIs: Real Madrid
pecheneg
Largest US Cities 1790-2010
pecheneg
Rides in Walt Disney World
pecheneg
Most Oscar Losses (Acting)
pecheneg
Beyoncé Albums
pecheneg
Leaping Animals
pecheneg
Reality TV Shows (A-Z)
bhenderson79
Rickey Henderson's Hall of Fame Teammates
pecheneg
Champions League XIs: Arsenal
pecheneg
Quick Pick: Celebrities in WWE's Hall of Fame
aduchscher
Trending Topics
Marvel
Harry Potter
Disney
NBA
Kpop
Crossword
Anime
Country
WWE
NFL
Puzzle
Pokémon
The Office
Song
Soccer
Your Account Isn't Verified!
In order to create a playlist on Sporcle, you need to verify the email address you used during registration. Go to your
Sporcle Settings
to finish the process.
Report this User
Report this user for behavior that violates our
Community Guidelines
.
Details:
Send Report
Go to the Sporcle.com Mobile Site →
Comments